<?xml version="1.0" encoding="UTF-8"?>
<collection xmlns="http://www.loc.gov/MARC21/slim">
 <record>
  <leader>03658nam a22003971a 4500</leader>
  <controlfield tag="001">000041146</controlfield>
  <controlfield tag="003">17442</controlfield>
  <controlfield tag="005">20221110100448.0</controlfield>
  <controlfield tag="008">170302s2016    vm            000   eng</controlfield>
  <datafield tag="040" ind1=" " ind2=" ">
   <subfield code="a">LNN</subfield>
  </datafield>
  <datafield tag="041" ind1=" " ind2=" ">
   <subfield code="a">eng</subfield>
  </datafield>
  <datafield tag="082" ind1=" " ind2=" ">
   <subfield code="a">407.79143</subfield>
   <subfield code="b">ĐÔ-T</subfield>
  </datafield>
  <datafield tag="100" ind1=" " ind2=" ">
   <subfield code="a">ĐỖ, THỊ BÍCH TRÂM</subfield>
  </datafield>
  <datafield tag="245" ind1=" " ind2="3">
   <subfield code="a">AN INVESTIGATION INTO STYLISTIC DEVICES IN THE ENGLISH SCRIPT OF OSCAR WINNING FILMS AND THEIR VIETNAMESE EQUIVALENTS /</subfield>
   <subfield code="c">Đỗ Thị Bích Trâm.</subfield>
  </datafield>
  <datafield tag="260" ind1=" " ind2=" ">
   <subfield code="a">ĐHNN,</subfield>
   <subfield code="c">2016.</subfield>
  </datafield>
  <datafield tag="300" ind1=" " ind2=" ">
   <subfield code="a">80tr. : ill ; 30cm.</subfield>
  </datafield>
  <datafield tag="520" ind1=" " ind2=" ">
   <subfield code="a">Stylistics and stylistics devices, for a long time, have been considered as the fundamental factor in creating the beauty of any literary works. However, they are not fully appreciated in the translation in general, and translation of films’ script in specific. This study is carried out with the aim of giving description of the use and translation procedures for stylistics devices in script of Oscar winning films. Through a careful investigation into simile, metaphor and metonymy– the three most typical stylistic devices which are used commonly and distinctively in the 10 movies’ script, and undoubtedly create the aesthetic effect of these works of motion picture, I truly hope to prove the important role of stylistics and stylistic devices, as well as ways to converting them into Vietnamese equivalents. Finally, based on the findings and results of this study, some implications for the translating, teaching and learning of English – Vietnamese translation will also be suggested.</subfield>
  </datafield>
  <datafield tag="650" ind1=" " ind2=" ">
   <subfield code="a">STYLISTIC DEVICES, ENGLISH SCRIPT.</subfield>
  </datafield>
  <datafield tag="852" ind1=" " ind2=" ">
   <subfield code="c">Luận vă Thạc sĩ</subfield>
  </datafield>
  <datafield tag="OWN" ind1=" " ind2=" ">
   <subfield code="a">LNN</subfield>
  </datafield>
  <datafield tag="AVA" ind1=" " ind2=" ">
   <subfield code="a">UDN50</subfield>
   <subfield code="b">LNN</subfield>
   <subfield code="c">English</subfield>
   <subfield code="d">407.79143 ĐÔ-T</subfield>
   <subfield code="e">available</subfield>
   <subfield code="t">Error 5001 Not defined in file expand_doc_bib_avail.</subfield>
   <subfield code="f">1</subfield>
   <subfield code="g">0</subfield>
   <subfield code="h">N</subfield>
   <subfield code="i">0</subfield>
   <subfield code="j">AN</subfield>
   <subfield code="k">1</subfield>
  </datafield>
  <datafield tag="Z40" ind1="3" ind2=" ">
   <subfield code="y">AN INVESTIGATION INTO STYLISTIC DEVICES IN THE ENGLISH SCRIPT OF OSCAR WINNING FILMS AND THEIR VIETN</subfield>
   <subfield code="l">Library of UFL</subfield>
   <subfield code="t">VIEW</subfield>
   <subfield code="x">http://catalog.udn.vn:80/F?func=service&amp;doc_library=UDN01&amp;local_base=UDN01&amp;doc_number=000041146&amp;sequence=000001&amp;line_number=0001&amp;func_code=DB_RECORDS&amp;service_type=MEDIA</subfield>
   <subfield code="f">TOMTAT_000007851.pdf</subfield>
   <subfield code="e">pdf</subfield>
   <subfield code="s">000623517</subfield>
   <subfield code="k">20200913</subfield>
   <subfield code="m">NTMTHI</subfield>
  </datafield>
  <datafield tag="Z40" ind1="3" ind2=" ">
   <subfield code="y">AN INVESTIGATION INTO STYLISTIC DEVICES IN THE ENGLISH SCRIPT OF OSCAR WINNING FILMS AND THEIR VIETN</subfield>
   <subfield code="l">Library of UFL</subfield>
   <subfield code="t">VIEW</subfield>
   <subfield code="x">http://catalog.udn.vn:80/F?func=service&amp;doc_library=UDN01&amp;local_base=UDN01&amp;doc_number=000041146&amp;sequence=000002&amp;line_number=0002&amp;func_code=DB_RECORDS&amp;service_type=MEDIA</subfield>
   <subfield code="f">LUANVAN_000007853.pdf</subfield>
   <subfield code="e">pdf</subfield>
   <subfield code="s">001205058</subfield>
   <subfield code="k">20200913</subfield>
   <subfield code="m">NTMTHI</subfield>
  </datafield>
  <datafield tag="999" ind1=" " ind2=" ">
   <subfield code="a">From the UDN01</subfield>
  </datafield>
  <datafield tag="AVA" ind1=" " ind2=" ">
   <subfield code="a">UDN50</subfield>
   <subfield code="b">LNN</subfield>
   <subfield code="c">English</subfield>
   <subfield code="d">407.79143 ĐÔ-T</subfield>
   <subfield code="e">available</subfield>
   <subfield code="t">Error 5001 Not defined in file expand_doc_bib_avail.</subfield>
   <subfield code="f">1</subfield>
   <subfield code="g">0</subfield>
   <subfield code="h">N</subfield>
   <subfield code="i">0</subfield>
   <subfield code="j">AN</subfield>
   <subfield code="k">1</subfield>
  </datafield>
  <datafield tag="TYP" ind1=" " ind2=" ">
   <subfield code="a">Monograph</subfield>
  </datafield>
  <datafield tag="TYP" ind1=" " ind2=" ">
   <subfield code="a">Printed language</subfield>
  </datafield>
  <datafield tag="856" ind1=" " ind2=" ">
   <subfield code="y">AN INVESTIGATION INTO STYLISTIC DEVICES IN THE ENGLISH SCRIPT OF OSCAR WINNING FILMS AND THEIR VIETN</subfield>
   <subfield code="l">Library of UFL</subfield>
   <subfield code="t">VIEW</subfield>
   <subfield code="x">http://catalog.udn.vn:80/F?func=service&amp;doc_library=UDN01&amp;local_base=UDN01&amp;doc_number=000041146&amp;sequence=000001&amp;line_number=0001&amp;func_code=DB_RECORDS&amp;service_type=MEDIA</subfield>
   <subfield code="f">TOMTAT_000007851.pdf</subfield>
   <subfield code="e">pdf</subfield>
   <subfield code="s">000623517</subfield>
   <subfield code="k">20200913</subfield>
   <subfield code="m">NTMTHI</subfield>
  </datafield>
  <datafield tag="856" ind1=" " ind2=" ">
   <subfield code="y">AN INVESTIGATION INTO STYLISTIC DEVICES IN THE ENGLISH SCRIPT OF OSCAR WINNING FILMS AND THEIR VIETN</subfield>
   <subfield code="l">Library of UFL</subfield>
   <subfield code="t">VIEW</subfield>
   <subfield code="x">http://catalog.udn.vn:80/F?func=service&amp;doc_library=UDN01&amp;local_base=UDN01&amp;doc_number=000041146&amp;sequence=000002&amp;line_number=0002&amp;func_code=DB_RECORDS&amp;service_type=MEDIA</subfield>
   <subfield code="f">LUANVAN_000007853.pdf</subfield>
   <subfield code="e">pdf</subfield>
   <subfield code="s">001205058</subfield>
   <subfield code="k">20200913</subfield>
   <subfield code="m">NTMTHI</subfield>
  </datafield>
  <datafield tag="980" ind1=" " ind2=" ">
   <subfield code="a">Mạng thư viện Đại học Đà Nẵng</subfield>
  </datafield>
 </record>
</collection>
